000 00892nas a2200313 4500
001 BR2019000686
003 BR-BrBNA
005 20231205131631.0
007 ta
008 230509b bl.|||p| |||| 00| 00por d
040 _aBR-BrBNA
_bpor
_cBiblioteca Nacional de Agricultura
041 _a(En)
072 _aH20
100 1 _aGramacho, K.P.
100 1 _aLopes, U.V.
100 1 _aPires, J.L.
100 1 _aLopes, J.R.M.
100 1 _aBahia, C.
100 1 _aMahe, L.
245 1 _aPhylogeography of the witches broom pathogen in Bahia
650 _aCACAU
650 _aVASSOURA-DE-BRUXA
650 _aDOENÇA FÚNGICA
650 _aPATÓGENO
773 0 _tAgrotrópica (Brazil)
_xISSN 0103-3816
_g(Jan-Dec 2005), v. 17(no. único) p. 65-72
_wBR2019000686
856 4 0 _dLink DSPACE/MAPA BR2019000686
909 _a202311
_bLúcia
_c55
_dLúcia Elande
942 _2AGRIS
_n0
_cANA
999 _c255832
_d255832